00487 2200193 4500001002100000005001500021008004100036020002200077035001900099041000700118082001000125090001600135100001900151245002600170260002700196300003300223500001100256650002600267INLIS00000000002252820241224131312241224||||||||| | ||| |||| || |  a978-602-7929-95-1 0010-1224022528 aid0 a613.2 a613.2 NUR m0 anurul chomaria00aMenu Terlengkap MPASI aSurakartabCintac2014 a30x20,5 cm, 101 hlm.; ilus.: aCet. 1 0aMakanan Bayi -- MPASI